WWE Pay-Per-View (PPV) Main Events - 2007 - Statistics

General Stats
  • This quiz has been taken 858 times
    418 since last reset
  • The average score is 11 of 13
Answer Stats
PPV Answer % Correct
New Year's Revolution, No Way Out, WrestleMania 23, Backlash, Judgment Day, One Night Stand, Vengeance: Night of Champions, The Great American Bash, SummerSlam John Cena
100%
No Way Out, WrestleMania 23, Backlash Shawn Michaels
97%
Royal Rumble, No Way Out, Unforgiven, Cyber Sunday, Survivor Series, Armageddon The Undertaker
97%
Backlash, Vengeance: Night of Champions, SummerSlam, No Mercy Randy Orton
96%
No Mercy Triple H
96%
Backlash, Armageddon Edge
95%
No Way Out, Cyber Sunday, Survivor Series, Armageddon Batista
94%
New Year's Revolution Umaga
80%
Judgment Day, One Night Stand The Great Khali
79%
Vengeance: Night of Champions, The Great American Bash Bobby Lashley
72%
Unforgiven Mark Henry
66%
Vengeance: Night of Champions King Booker
61%
Vengeance: Night of Champions Mick Foley
51%
No matching quizzes found
Score Distribution
Percent of People with Each Score
Percentile by Number Answered
Your Score History
You have not taken this quiz since the last reset